LEADER 01481nam a2200289 u 4500 001 000000114386 003 CaOOAMICUS 005 20090129121530.0 008 090129s1986 it af u100 u ita r 040 $aPUL$bita$dLDB 111 2 $aConvegno internazionale di studi umanistici$d(1984 :$cParma).$0(OLS)http://pul/name/70594 245 10$aLorenzo Valla e l'Umanesimo italiano :$batti del Convegno internazionale di studi umanistici (Parma, 18-19 ottobre 1984) /$ca cura di Ottavio Besomi e Mariangela Regoliosi. 260 $aPadova :$bAntenore,$c1986. 300 $ax, 424 p., [9] c. di tav. :$bill. ;$c25 cm. 490 1 $aMedioevo e Umanesimo ;$v59 500 $aInclude indici. 504 $aBibliografia in nota. 600 14$aValla, Lorenzo,$d1406-1457$vCongressi.$0(OLS)http://pul/subject/35000 650 14$aUmanesimo$vCongressi.$0(OLS)http://pul/subject/16053 700 1 $aRegoliosi, Mariangela.$0(OLS)http://pul/name/62544 700 1 $aBesomi, Ottavio.$0(OLS)http://pul/name/64836 830 0$aMedioevo e Umanesimo ;$v59.$0(OLS)http://pul/title/9971 850 $aPUL 852 $aPUL$W1$xDP2 Filosofia 3$y112$m940 COLL 3.59$j130706$qDDC 21$B129786$CPULBib$Z2$F129786 $H109377 $82 941 1 $a9 996 $6245$aLorenzo Valla e l'Umanesimo italiano :$batti del Convegno internazionale di studi umanistici (Parma, 18-19 ottobre 1984)$9(OLS)http://pul/title/143755 996 $6260$aPadova :$bAntenore$9(OLS)http://pul/publisher/48020 LEADER 00990nam a2200241 u 4500 001 000000077525 003 CaOOAMICUS 005 20070226123329.0 008 040210s2003 it u000 u ita u 020 $a8821549070 035 $a10983922 040 $aPUL$bita 245 00$aPietro Rossano e la sfida del dialogo : /$ca cura di Paolo Selvadagi. 260 $aCinisello Balsamo :$bSan Paolo,$cc2003. 300 $a277 p. ;$c21 cm 600 14$aRossano, Pietro,$cvesc.,$d1923-1991.$0(OLS)http://pul/subject/10845 700 1 $aSelvadagi, Paolo,$csac.,$d1946-$0(OLS)http://pul/name/404 850 $aPUL 852 $aPUL$W1$xSL Religione 1$y3$m75 P 33$j99565$nBK-PRI$b $qStampati$B99565$CPULBib$Z2$F99565 $HPUL92661 $81 941 1 $a8 996 $6020$a8821549070$9(OLS)http://pul/number/101641 996 $6245$aPietro Rossano e la sfida del dialogo :$9(OLS)http://pul/title/101669 996 $6260$aCinisello Balsamo :$bSan Paolo$9(OLS)http://pul/publisher/54577 LEADER 01769nam a2200361 a 4500 001 000000128288 003 CaOOAMICUS 005 20120330141445.0 008 120330s2011 it d u000 u ita r 020 $a978-88-343-2130-0 040 $aPUL$bita 082 04$a262 245 00$aRipensare lo sviluppo :$bsfide e prospettive dalla "Caritas in veritate" /$cLuciano Boggio ... [et al.] ; a cura di Simona Beretta, Evandro Botto, Ferdinando Citterio. 260 $aMilano :$bVita e pensiero,$c©2011. 300 $aXV, 217 p. :$bgrafici ;$c22 cm 490 1 $aStudi ;$v01 504 $aBibliografia in nota. 610 24$aPapi (2005-2013 : Benedictus XVI)$tCaritas in veritate.$0(OLS)http://pul/subject/38365 650 4$aChiesa$xDottrina sociale.$0(OLS)http://pul/subject/7162 700 1 $aBoggio, Luciano,$d1941-$0(OLS)http://pul/name/7705 700 1 $aBeretta, Simona.$0(OLS)http://pul/name/69395 700 1 $aBotto, Evandro,$d1947-$0(OLS)http://pul/name/4266 700 1 $aCitterio, Ferdinando.$0(OLS)http://pul/name/30358 710 2 $aUniversitą Cattolica del Sacro Cuore$pCentro di Ateneo per la Dottrina Sociale della Chiesa.$0(OLS)http://pul/name/75798 830 0$aStudi (Vita e Pensiero) ;$v01.$0(OLS)http://pul/title/162116 850 $aPUL 852 $aPUL$W1$xSL Religione 3$y85$m262 BERSI 1$j148472$qDDC 21$B147069$CPULBib$Z2$F147069 $H118833 $82 941 1 $a9 996 $6020$a978-88-343-2130-0$9(OLS)http://pul/number/149381 996 $6082$a262$9(OLS)http://pul/classification/438 996 $6245$aRipensare lo sviluppo :$bsfide e prospettive dalla "Caritas in veritate"$9(OLS)http://pul/title/162115 996 $6260$aMilano :$bVita e pensiero$9(OLS)http://pul/publisher/48016